Wprowadzenie do jazyka C

Uložené v:
Podrobná bibliografia
Médium: Kniha
Jazyk:Polish
Vydavateľské údaje: Warszawa Wyd. Naukowo-Techn. 1988
Vydanie:1. wyd.
Tagy: Pridať tag
Žiadne tagy, Buďte prvý, kto otaguje tento záznam!

MARC

LEADER 00000nam a2200000 4500
001 c035772
005 20250916080003.7
041 0 |a pol 
044 |a PL 
245 1 0 |a Wprowadzenie do jazyka C  |c Jan Bielecki 
250 |a 1. wyd. 
264 1 |a Warszawa  |b Wyd. Naukowo-Techn.  |c 1988 
300 |a 236 s.